Eurovision 2019 Complete The Lyrics - Statistics

General Stats
  • This quiz has been taken 208 times
  • The average score is 4 of 12
Answer Stats
Hint Answer % Correct
Oh She Know She Got Me... Dirty Dancing
90%
Small Town Mall In A Big... Arcade
79%
I Here You Calling Me At... Night
74%
I Came To Fight, I Came To Fight... Over You
51%
Don't You Try To Hide It... Sister
38%
I, I'm Not Rich But... I'm Shining Bright
32%
Stay, Until I Find a Way, To Be Together, Forever's... Here To Stay
29%
Is He Gonna... Like It
25%
Sam Ostani... Sebi
17%
I Would Be There... Here Me
8%
Love Me Now, Love Me Now... Harder And Harder
4%
I've Been, Freezing... For A While
2%
No matching quizzes found
Score Distribution
Percent of People with Each Score
Percentile by Number Answered
Your Score History
You have not taken this quiz